Joueurs du PSG par numéro saison 2024/2025 - Statistiques

Statistiques générales
  • Ce quiz a été pris 381 fois
  • Le résultat moyen est 18 sur 26
Statistiques - réponses
Hint Answers % Correct
10 Ousmane Dembele
93%
2 Achraf Hakimi
92%
29 Bradley Barcola
90%
5 Marquinhos
86%
9 Gonçalo Ramos
85%
17 Vitinha
85%
1 Gianluigi Donnarumma
84%
25 Nuno Mendes
84%
8 Fabian Ruiz
81%
51 Willian Pacho
80%
87 Joao Neves
79%
39 Matvey Safonov
79%
33 Warren Zaïre-Emery
78%
21 Lucas Hernandez
75%
3 Presnel Kimpembe
75%
14 Désiré Doué
74%
80 Arnau Tenas
72%
19 Lee Kang-In
68%
35 Lucas Beraldo
65%
24 Senny Mayulu
61%
23 Randal Kolo-Muani
57%
11 Marco Asensio
48%
42 Yoram Zague
45%
37 Milan Skriniar
44%
49 Ibrahim Mbaye
41%
45 Naoufel El Hannach
10%
Aucun quiz correspondant
Distribution des résultats
% des personnes avec chaque résultat
Percentile par nombre de réponses
Votre historique - résultats
Vous n’avez pas pris ce quiz